How to say it at work

Bibliographic Details
Main Author: Griffin, Jack
Format: Book
Published: New York : Prentice Hall Press , 1998
Subjects:

MARC

LEADER 00000cam a2200000 7i4500
001 0000015129
005 20080317.0
008 080317
020 |a 0132425467 
090 0 0 |a 791.4372   |b GRI 
100 1 |a Griffin, Jack 
245 1 0 |a How to say it at work   |c Jack Griffin 
260 |a New York :   |b Prentice Hall Press ,   |c 1998 
650 0 |a Business communication 
650 0 |a Communication in organizations 
650 0 |a Oral communication 
999 |a 0001014255   |b Book   |c Adult Collection   |e Perbadanan Perpustakaan Awam Johor